| 000 | 00502nam a22001817r 4500 | ||
|---|---|---|---|
| 003 | 3228 | ||
| 005 | 20260603124731.0 | ||
| 008 | 260603b sa ||||| |||| 00| 0 eng d | ||
| 020 |
_a9780745151441 _qHardcover |
||
| 040 |
_aMPL _c3228 _erda |
||
| 082 | 0 | _aEKF HAL | |
| 100 |
_9109566 _a HALES, Richard |
||
| 245 |
_aWhat's the Difference? _bMaths |
||
| 260 |
_aItalt; _bCherrytree Books, _c1991 |
||
| 300 |
_a24 Pages _bColour Illustrations _c20 cm |
||
| 490 | _aLearning Tree 123 | ||
| 942 |
_2ddc _cBOOK _w377 _xLungile Vilakazi _y377 _zLungile Vilakazi |
||
| 999 |
_c799592 _d799591 |
||